000 00624nam a2200193 i 4500
001 36524
003 ES-MaACL
005 20251015185548.0
007 t|
008 030218s1969 ag ||||1| spa d
100 1 _aBrown, Clarence W.
_931980
245 1 3 _aEl método científico en psicología /
_cClarence W. Brown ; Edwin E. Ghiselli ; [versión castellana Eduardo J. Prieto].
260 _aBuenos Aires :
_bPaidós,
_c[1969]
300 _a389 p. ;
_c23 cm.
700 1 _aGhiselli, Edwin E.
_956583
700 1 _aPrieto, Eduardo J.,
_d1916-
_993878
852 _aES-MaACL
_jA-3969
_bR.89866
999 _c36524
_d36524